Movies Quiz

Random Movies or Director Quiz

Hawke and Linklater Quiz Stats

Quiz not verified by Sporcle

Also try: Depp and Burton
Challenge
Share
Tweet
Embed
Score 0/8 Timer 02:00
1 Play Today
Year Movie % Correct
2014Boyhood
92%
1995Before Sunrise
90.7%
2004Before Sunset
90.7%
2013Before Midnight
88%
2001Tape
54.7%
2006Fast Food Nation
44%
1998The Newton Boys
42.7%
2001Waking Life
38.7%

You're not logged in!

Compare scores with friends on all Sporcle quizzes.
Sign Up with Email
OR
Log In

You Might Also Like...

Show Comments

Extras

Top Quizzes Today


Score Distribution

Your Account Isn't Verified!

In order to create a playlist on Sporcle, you need to verify the email address you used during registration. Go to your Sporcle Settings to finish the process.